00708nam a22002057a 4500999001500000001000500015003000900020005001700029008004100046040002800087082001600115245010500131260002800236300002300264650003500287710001200322711004200334942001200376952011400388 c2065d20652521BD-DhUAP20200219124354.0200219s1998 fr 101 0 eng  aDLCcDLCdBD-DhUAPbEng00223a378 HIG10aHigher education in the twenty-first century :bvision and action : UNESCO, Paris, 5-9 October 1998. aParis :bUNESCO,c1998. a75 pages ;c30 cm. 0aEducation, HighervCongresses.2 aUnesco. aWorld Conference on Higher Education. 2ddccBK 00102ddc4070aUAPCLbUAPCLcGeneral Stacksd2020-02-19o378 HIGp3010002521r2020-02-19t1w2020-02-19yBK